[Event "Linares 22nd"]
[Site "Linares"]
[Date "2005.02.25"]
[Round "3"]
[White "Leko, Peter"]
[Black "Anand, Viswanathan"]
[Result "1/2-1/2"]
[WhiteElo "2749"]
[BlackElo "2786"]
[Annotator "Huzman,A"]
[PlyCount "47"]
[EventDate "2005.02.23"]
[EventType "tourn"]
[EventRounds "14"]
[EventCountry "ESP"]
[EventCategory "20"]
[SourceTitle "CBM 106"]
[Source "ChessBase"]
[SourceDate "2005.06.06"]
[SourceVersion "1"]
[SourceVersionDate "2005.06.06"]
[SourceQuality "1"]

1. e4 e5 2. Nf3 Nf6 3. Nxe5 d6 4. Nf3 Nxe4 5. d4 d5 6. Bd3 Nc6 7. O-O Be7 8.
Re1 Bg4 9. c3 f5 10. Qb3 O-O 11. Nbd2 Na5 12. Qc2 Bd6 13. Ne5 (13. b4 Bxf3 14.
Nxf3 Nc4 15. a4 (15. Bxc4 dxc4 16. Be3 Re8 17. Rad1 Qf6 18. Ne5 $1 Bxe5 19.
dxe5 Qxe5 20. Bd4 $44 {1/2-1/2 Anand,V-Gelfand,B/Moscow 2004/CBM 102/[Huzman] 
(30)}) 15... Qf6 (15... a6 16. a5 b5 $11) 16. Qb3 Qf7 17. Ra2 Rae8 18. Rae2 c6
$11 {1/2-1/2 Adams,M-Nielsen,P/playchess.com INT 2004/(48)}) 13... Bh5 (13...
Bxe5 14. dxe5 Qh4 15. Rf1 $5 (15. Nf1 Nc6 16. Bf4 Rae8 17. f3 (17. Bg3 Qh6) (
17. e6 $5 Bh5 18. Bg3 (18. Bxc7 Rxe6 19. f3 Qe7 20. Bf4 (20. fxe4 fxe4 21. Bg3
exd3 22. Qxd3 Qc5+ $17) 20... Ne5 21. fxe4 fxe4 22. Bxe5 Rxe5 (22... exd3 23.
Qxd3 Rxe5 24. Qxd5+ $1 $16) 23. Be2) 18... Qf6 19. f3 Nxg3 20. Nxg3 Bg6 21. Qb3
$14) 17... Bxf3 18. Bg3 Nxg3 19. hxg3 Qh5 20. gxf3 Nxe5 21. Be2 f4 $40 {
0-1 Volokitin,A-Dominguez,L/Bermuda BER 2005/(47)}) 15... Nc6 16. f4 Qe7 17.
Nf3 Qc5+ 18. Kh1 Rad8 $11 {1-0 Smirnov,P-Ivanchuk,V/Yerevan ARM 2004/(58)}) 14.
b4 Nc6 {Black starts to fight for control over the square e5.} (14... Bxe5 15.
dxe5 Nc6 16. f4 (16. f3 Qh4 17. Bb2 Nxe5 18. fxe4 fxe4 $17) 16... Qh4 17. Rf1
$14) 15. Ndf3 (15. f4 Qh4 16. Ndf3 Bxf3 17. Nxf3 Qh5 $11) 15... Re8 (15... Qe8
16. Bb2 Rd8 17. b5 Nxe5 18. Nxe5 Bxe5 19. dxe5 Qg6 20. c4 (20. Bf1 Rfe8 21. c4
d4 $11) 20... Bf3 21. Bf1 d4 22. Qd3 Ng5 23. h4 Be4 24. Qg3 Ne6 $11) 16. Bb2
Qf6 {[%cal Yc6e5,Yd6e5,Ye8e5,Yf6e5]} 17. Qb3 (17. Nxc6 Bxf3 (17... bxc6 18. Ne5
Bxe5 19. dxe5 Qg5 20. c4 Re6 21. Bc1 Qh4 22. Be3 Rg6 $36) 18. gxf3 Qg5+ 19. Kh1
Qh5 20. Ne5 Bxe5 21. dxe5 Qxf3+ 22. Kg1 Re6 (22... Qg4+ 23. Kf1 Qh3+ 24. Ke2
Qxh2 25. Bxe4 Rxe5 26. Kd1 $13) 23. Re3 Rg6+ 24. Kf1 Qg2+ 25. Ke1 Qxh2 26. Bf1
Rg1 $40) 17... Kh8 (17... Rad8 18. Bxe4 fxe4 19. Qxd5+ Kh8 20. Qxe4 Bxf3 21.
Qxf3 Bxe5 22. b5 $1 (22. dxe5 Qxf3 23. gxf3 Nxe5 24. Kf1 Nc4 25. Rxe8+ Rxe8 26.
Bc1 $14) 22... Qxf3 (22... Qh6 23. g3 Rf8 24. Qg2 Nxd4 25. cxd4 $16) 23. gxf3
Na5 24. dxe5 Nc4 25. Bc1 Nxe5 26. Kg2 $16) 18. Be2 ({The only chance to fight
for advantage was} 18. Qxd5 Bxe5 $1 (18... Rad8 19. Bxe4 fxe4 (19... Bxe5 20.
dxe5 Qg6 21. Nh4 Qg5 22. Qxd8 Qxd8 23. Nxf5 Nxe5 24. c4 $44) 20. Qxe4 Bxf3 21.
Qxf3 Bxe5 22. b5 (22. dxe5 Qxf3 23. gxf3 Nxe5 $44) 22... Nxd4 23. Qxf6 Bxf6 24.
cxd4 Rxe1+ 25. Rxe1 c5 26. bxc6 bxc6 27. Kf1 c5 $11) 19. dxe5 (19. Bxe4 fxe4 (
19... fxe4 20. Nxe5 Nxe5 21. dxe5 Rxe5 22. Qxb7 Rf8 23. Qxa7 c5 $19) 20. Nxe5 (
20. dxe5 Nxe5) 20... Nxe5 21. dxe5 Rxe5 22. Qxb7 Rf8 23. Qxa7 c5 24. Rf1 Bf3 $1
$19) 19... Qg6 20. Bxe4 (20. Nh4 Qg5 21. Nxf5 (21. Bxe4 Rxe5 $15) 21... Rxe5
22. Qd7 Nxf2 $1 23. Kxf2 Qd2+ 24. Kf1 Rg8 $17) 20... fxe4 21. Qxe4 (21. Nh4)
21... Qxe4 22. Rxe4 Bxf3 23. gxf3 Nxe5 24. Kg2 Nd3 25. Bc1 $14) 18... Rxe5 ({
Another version of the exchange sacrifice was also possible:} 18... Nxe5 19.
dxe5 Rxe5 20. Nxe5 (20. c4 Bxf3 21. Qxf3 Bxb4 22. Rec1 d4 $1 23. Bxd4 Bc5 $17)
20... Bxe5 $11) (18... Bxe5 19. Nxe5 (19. dxe5 Qg6 20. c4 (20. Qxd5 Red8 21.
Qb3 Bxf3 22. Bxf3 Nxe5 $17) 20... Bxf3 21. Bxf3 Nd2 22. Qc3 Nxf3+ 23. Qxf3 dxc4
24. Qc3 b5 25. a4 a6 26. axb5 axb5 27. Rxa8 Rxa8 28. e6 Re8 $15) 19... Bxe2 20.
Rxe2 Nxe5 21. dxe5 Qe6 22. Rae1 Rad8 $11) 19. dxe5 Nxe5 20. Nxe5 (20. Nd4 Ng4
$40 {A. Baburin} (20... Bxe2 21. Rxe2 Nc4 $44 {[%csl Rb2]})) 20... Bxe5 $44 (
20... Qxe5 21. g3 f4 (21... Nxg3 22. hxg3 Bxe2 23. c4 Qe4 24. Qc3 d4 25. Qxd4
Qxd4 26. Bxd4 Bxc4 27. Bc5 $1 $16) 22. c4 Qf5 23. Bxh5 Qxh5 24. c5 Nd2 25.
Bxg7+ Kxg7 26. Qc3+ Be5 27. Qxd2 fxg3 28. hxg3 Bxa1 29. Rxa1 Re8 $14) 21. Bxh5
(21. g3 Bf7 $1 (21... Bxe2 22. Rxe2 Bxc3 23. Rae1 Bxb2 24. Qxb2 Qb6 25. Kg2 $14
{[%cal Gf2f3]}) 22. Bd3 f4 $36) 21... Bxh2+ 22. Kxh2 (22. Kh1 Qh4 $19) (22. Kf1
Nd2+ $19) 22... Qh4+ 23. Kg1 Qxf2+ 24. Kh2 1/2-1/2

[Event "Julian Borowski-A 3rd"]
[Site "Essen"]
[Date "2001.05.11"]
[Round "9"]
[White "Kasimdzhanov, Rustam"]
[Black "Jussupow, Artur"]
[Result "1/2-1/2"]
[WhiteElo "2693"]
[BlackElo "2645"]
[Annotator "Huzman,A"]
[PlyCount "48"]
[EventDate "2001.05.02"]
[EventType "tourn"]
[EventRounds "9"]
[EventCountry "GER"]
[EventCategory "15"]
[SourceTitle "CBM 083"]
[Source "ChessBase"]
[SourceDate "2001.07.05"]
[SourceVersion "1"]
[SourceVersionDate "2001.07.05"]
[SourceQuality "1"]

1. e4 e5 2. Nf3 Nf6 3. Nxe5 d6 4. Nf3 Nxe4 5. d4 d5 6. Bd3 Nc6 7. O-O Be7 8.
Re1 Bg4 9. c4 Nf6 10. Nc3 Bxf3 11. Qxf3 Nxd4 12. Qd1 Ne6 13. cxd5 Nxd5 14. Bb5+
c6 15. Nxd5 cxb5 16. Bf4 Nxf4 17. Rxe7+ Kf8 18. Re5 Qd6 19. Rf5 (19. Qd4 f6 (
19... Ne6 20. Qe3 h5 21. Re1 Kg8 22. f4 Rh6 23. h3 a6 24. Rd1 Kh8 25. Qf3 h4
26. Rh5 Nd8 27. Ne3 Qg6 28. Rhd5 Qb6 29. Kh1 Ne6 30. Ng4 {1-0 Kostadinov,
K-Uvanov/corr BLG/K 1987 (30)}) 20. Qxf4 Qxe5 21. Qb4+ Kf7 22. Qb3 Kg6 23. Rd1
Rhe8 $17 {0-1 Kaminski,U-Howell,J/BL2-O 1992/GER-chT2 (83)}) 19... Rd8 20. Ne3
(20. Qf3 Nxd5 21. Rd1 Qe6 22. Rfxd5 Rxd5 23. Qxd5 Qxd5 24. Rxd5 Ke7 25. Rxb5 b6
$11 {0-1 Lelumees,B-Kobrin,M/Patras GRE 1999 (55)}) 20... Qxd1+ 21. Rxd1 Rxd1+
22. Nxd1 Ne6 23. Rxb5 b6 24. Nc3 Ke7 1/2-1/2

[Event "Corus"]
[Site "Wijk aan Zee"]
[Date "2004.01.14"]
[Round "4"]
[White "Anand, Viswanathan"]
[Black "Bologan, Viktor"]
[Result "1/2-1/2"]
[WhiteElo "2766"]
[BlackElo "2679"]
[Annotator "Huzman,A"]
[PlyCount "51"]
[EventDate "2004.01.10"]
[EventType "tourn"]
[EventRounds "13"]
[EventCountry "NED"]
[EventCategory "19"]
[SourceTitle "CBM 099"]
[Source "ChessBase"]
[SourceDate "2004.03.30"]
[SourceVersion "1"]
[SourceVersionDate "2004.03.30"]
[SourceQuality "1"]

1. e4 e5 2. Nf3 Nf6 3. Nxe5 d6 4. Nf3 Nxe4 5. d4 d5 6. Bd3 Nc6 7. O-O Be7 8.
Re1 Bg4 9. c3 f5 10. Qb3 O-O 11. Nbd2 Na5 12. Qc2 (12. Qa4 Nc6 13. Qb3 Na5 14.
Qc2 c5 15. Ne5 Bh5 16. f3 cxd4 17. fxe4 fxe4 $1 18. Nxe4 dxe4 19. Bxe4 Bc5 $1 (
19... dxc3 $5 20. Bxh7+ Kh8 21. bxc3 Bd6 $44) 20. Nd3 (20. Bxh7+ $2 Kh8 21. Kh1
Qf6 $36) 20... Bd6 21. b4 Nc6 22. b5 Na5 23. cxd4 Rc8 24. Qd2 Qb6 25. Nc5 Bxc5
26. dxc5 Qxc5+ $2 (26... Rxc5 $142) 27. Kh1 b6 $2 28. Qd3 $16 {1-0 Anand,
V-Grischuk,A/Bastia 2003/CBM 98/[Huzman] (47)}) 12... c5 13. Ne5 Bh5 (13...
cxd4 14. Nxg4 fxg4 15. Nxe4 dxe4 16. Bxe4 h6 17. cxd4 Qxd4 18. Bh7+ Kh8 19. Be3
Qf6 20. Rad1 $16 {1-0 Bagusis,V-Zalys,I/Montreal 1983/EXT 2002 (25)}) 14. f3
cxd4 (14... Bh4 15. fxe4 (15. g3 $5) 15... Bxe1 16. exf5 c4 (16... Nc6 17. Ndf3
Nxe5 18. Nxe5 cxd4 19. g4 $1 dxc3 20. gxh5 Re8 21. Bf4 Bd2 $13) 17. Bf1 Bxd2
18. Bxd2 Nc6 19. Re1 Qc8 $1 20. h3 Rxf5 21. g4 Nxe5 22. dxe5 Rxf1+ $2 (22...
Rf3 $1 23. gxh5 (23. Qd1 Qc5+ 24. Kh1 Rg3 25. Bg2 Bf7 (25... Bg6 26. Be3 $1
Rxe3 $140 27. Qxd5+) 26. e6 Bg6 $17) 23... Qc5+ 24. Kh1 Qf2 25. Bg2 Rd3 26. Rd1
Rf8 $1 $19 {/\27...Rff3}) 23. Rxf1 Bg6 24. Qd1 Qc5+ 25. Rf2 Re8 (25... d4 26.
cxd4 Qxd4 27. Qe2 $11) 26. Bf4 Bd3 27. Qf3 Be4 {1/2-1/2 Morozevich,A-Adams,M/
Dortmund 2002/CBM 90/[Huzman] (27)}) 15. fxe4 fxe4 (15... dxc3 16. exf5 (16.
exd5 $5 cxd2 17. Bxd2 Qxd5 18. Bc3 $36) 16... cxd2 17. Bxd2 Bh4 {1/2-1/2 Milos,
G-Morovic Fernandez,I/Santos BRA 2003/(17)}) 16. Nxe4 dxe4 17. Bxe4 h6 $2 $146
{[%mdl 8192] Bologan makes a new move but unfortunately Black loses in the
main line.} 18. Bd2 $2 (18. b4 $1 dxc3 (18... Bd6 19. bxa5 Bxe5 20. Bh7+ Kh8
21. Rxe5 $18) 19. bxa5 Qd4+ 20. Kh1 Qxe5 21. Ba3 $3 $18 Rf1+ 22. Rxf1 Bxa3 23.
Rf5 Qe8 24. Re1 Bf7 25. Qxc3 $18) 18... Bh4 19. Rf1 Bf6 20. Rae1 (20. Rf5 $5
Bxe5 21. Rxe5 Qf6 22. Rf5 (22. Bh7+ Kh8 23. Rf5 Qb6 24. cxd4 Nc6 $11) 22... Qb6
23. cxd4 Rxf5 24. Bxf5 Nc6 (24... Qxd4+ 25. Kh1 Nc6 26. Bc3 $14) 25. Be3 Rd8
$44) 20... Bxe5 21. Bh7+ Kh8 22. Rxf8+ Qxf8 23. Rxe5 Nc4 $1 24. Rxh5 Nxd2 25.
Qxd2 dxc3 $1 $11 26. Qxc3 (26. Qc2 Qe8 $1 27. Rf5 Kxh7 $11) 1/2-1/2

[Event "Poikovsky Karpov 06th"]
[Site "Poikovsky"]
[Date "2005.03.05"]
[Round "7"]
[White "Svidler, Peter"]
[Black "Dominguez Perez, Leinier"]
[Result "1/2-1/2"]
[WhiteElo "2735"]
[BlackElo "2661"]
[Annotator "Huzman,A"]
[PlyCount "55"]
[EventDate "2005.02.26"]
[EventType "tourn"]
[EventRounds "9"]
[EventCountry "RUS"]
[EventCategory "18"]
[SourceTitle "CBM 106"]
[Source "ChessBase"]
[SourceDate "2005.06.06"]
[SourceVersion "1"]
[SourceVersionDate "2005.06.06"]
[SourceQuality "1"]

1. e4 e5 2. Nf3 Nf6 3. Nxe5 d6 4. Nf3 Nxe4 5. d4 d5 6. Bd3 Nc6 7. O-O Be7 8. c4
Nb4 9. Be2 O-O 10. Nc3 Bf5 11. a3 Nxc3 12. bxc3 Nc6 13. Re1 Re8 14. cxd5 Qxd5
15. Bf4 Rac8 16. h3 h6 (16... Bf6 $6 17. Nh2 $1 Qa5 18. Bd2 Rcd8 (18... Ne7 19.
Bf3 Rcd8 20. Ng4 Bxg4 21. hxg4 $1 $16 {0-1 Shirov,A-Bologan,V/Wijk aan Zee
2004/CBM 99/[Huzman] (40)}) 19. Bf3 h6 20. Ng4 Bxg4 21. hxg4 Bg5 22. Bxg5 hxg5
23. Rxe8+ (23. Qc1 $1 $36) 23... Rxe8 24. Qd3 Nd8 $1 $14 {1/2-1/2 Kramnik,
V-Anand,V/Wijk aan Zee 2003/CBM 93/[Huzman] (51)}) (16... Be4 $5 17. Be3 Rcd8 (
17... Na5 18. c4 (18. Nd2 Bf5 19. Bf3 Qd7 20. Ne4 Bd6 (20... Rcd8 $142 $1 $11)
21. Nc5 Bxc5 22. dxc5 Qxd1 23. Raxd1 c6 24. Rd4 $14 {1/2-1/2 Laznicka,V-Stopa,
J/Legnica POL 2004/(64)}) 18... Nxc4 19. Bxc4 Qxc4 20. Nd2 Qd5 21. Nxe4 Qxe4
22. Bg5 Qxe1+ 23. Qxe1 Bxg5 24. Qa5 Bf6 25. Qxa7 c5 $11 {0-1 Leko,P-Kramnik,V/
Brissago SUI 2004/(65)}) 18. Nd2 Bg6 19. Bf3 Qd7 20. Qa4 Ne5 21. Qxd7 Nxf3+ 22.
Nxf3 Rxd7 23. Ne5 Rd5 24. Nxg6 fxg6 25. a4 Kf7 26. Reb1 {1/2-1/2 Leko,
P-Bologan,V/Dortmund GER 2004/(26)}) (16... Be4 $5) 17. Qa4 (17. Nd2 Qd7 (17...
Na5 $5) 18. Nc4 Bd6 19. Bxd6 (19. Qd2 Bxf4 20. Qxf4 Re4 (20... Ne7 $5) 21. Qg3
Rce8 22. Ne3 R4e7 23. Bb5 a6 24. Bc4 Na5 25. Ba2 Be6 $11 {1/2-1/2 Kasparov,
G-Motylev,A/Moscow RUS 2004/(76)}) 19... cxd6 20. Ne3 $16 {1/2-1/2 Karjakin,
S-Gelfand,B/Pamplona ESP 2004/(26)}) (17. c4 Qe4 18. Bg3 Qc2 (18... Bf6 19. Bf1
Qc2 20. Qxc2 Bxc2 21. Rxe8+ Rxe8 22. Rc1 Ba4 23. d5 Ne5 24. Bxe5 Bxe5 25. Nxe5
Rxe5 $11 {0-1 Naumann,A-Fridman,D/playchess INT 2005/(36)}) 19. Qxc2 Bxc2 20.
d5 Na5 21. Nd4 Ba4 22. Bg4 Ra8 23. Bxc7 Nxc4 24. Rac1 Nxa3 25. d6 Bf6 26. Rxe8+
Bxe8 27. Bf3 $16 {1-0 Svidler,P-Landa,K/Katernberg GER 2005/(52)}) 17... Bd7
18. Qc2 (18. Rab1 Qf5 19. Bg3 Bd6 $11) 18... Qf5 (18... Bd6 $5 19. Be3 Bf5 20.
Qb2 Na5 21. Nd2 b6 22. c4 Qe6 $11) 19. Qxf5 (19. Qd2 Bd6 20. Bxd6 cxd6 21. Rab1
Na5 $11) 19... Bxf5 20. d5 Na5 21. Nd4 Bd7 22. Nb5 (22. Bf1 Bd6 $11) 22... Bxb5
23. Bxb5 c6 $1 $11 24. Ba4 Bg5 $1 25. Bxg5 Rxe1+ 26. Rxe1 hxg5 $11 27. dxc6
Nxc6 28. Bxc6 1/2-1/2

[Event "Julian Borowski-A 3rd"]
[Site "Essen"]
[Date "2001.05.09"]
[Round "7"]
[White "Nijboer, Friso"]
[Black "Jussupow, Artur"]
[Result "1/2-1/2"]
[WhiteElo "2580"]
[BlackElo "2645"]
[Annotator "Huzman,A"]
[PlyCount "37"]
[EventDate "2001.05.02"]
[EventType "tourn"]
[EventRounds "9"]
[EventCountry "GER"]
[EventCategory "15"]
[SourceTitle "CBM 083"]
[Source "ChessBase"]
[SourceDate "2001.07.05"]
[SourceVersion "1"]
[SourceVersionDate "2001.07.05"]
[SourceQuality "1"]

1. e4 e5 2. Nf3 Nf6 3. Nxe5 d6 4. Nf3 Nxe4 5. d4 d5 6. Bd3 Nc6 7. O-O Be7 8. c4
Nf6 9. Nc3 Be6 10. cxd5 Nxd5 11. Re1 O-O 12. a3 Bf6 13. Be4 h6 14. Bc2 Nde7 (
14... Nce7 15. Ne5 Bf5 16. Bb3 Be6 17. Ne4 Bxe5 18. dxe5 b6 19. Qf3 c6 20. Bc2
Nf5 21. Rd1 $14 {Hracek,Z-Jussupow,A/Nussloch 1996/Inf 66 (21)}) 15. Be3 Nf5 (
15... Bg4 16. h3 Bh5 17. Qd3 Bg6 18. Ne4 $14 {1/2-1/2 Huebner,R-Jussupow,A/
Nussloch 1996/Inf 66/ (46)}) 16. Bxf5 (16. Ne2 Qd7 17. Qd3 g6 18. Rad1 Rad8 19.
Nf4 Nxe3 20. fxe3 Bf5 21. Qb3 Bxc2 22. Qxc2 Rfe8 $11 {1/2-1/2 Lutz,C-Yusupov,A/
BL 98/99 Solingen-Porz sp 99/5 1999 (69)}) 16... Bxf5 17. d5 Ne5 (17... Ne7 18.
Bd4 (18. Qb3 Bxc3 19. bxc3 Qxd5 20. c4 Qd6 (20... Qc6 21. Bxh6 Rfe8 22. Bg5 Ng6
23. Nd4 $36) 21. Rad1 Qg6 22. Ne5 $44) 18... Nxd5 19. Nxd5 Qxd5 20. Bxf6 Qxd1
21. Raxd1 gxf6 22. Re7 Rfd8 23. Rc1 Rac8 24. h3 Rd7 $17) 18. Nxe5 (18. Nd4 Bg6
19. Qb3 Qd7 $15) 18... Bxe5 19. Bd4 1/2-1/2

[Event "FRA-chT Gp-A"]
[Site "France"]
[Date "2003.04.04"]
[Round "5.4"]
[White "Lautier, Joel"]
[Black "Beikert, Guenther"]
[Result "1/2-1/2"]
[WhiteElo "2670"]
[BlackElo "2444"]
[Annotator "Huzman,A"]
[PlyCount "45"]
[EventDate "2003.01.31"]
[EventType "team"]
[EventRounds "7"]
[EventCountry "FRA"]
[SourceTitle "CBM 095"]
[Source "ChessBase"]
[SourceDate "2003.07.25"]
[SourceVersion "1"]
[SourceVersionDate "2003.07.25"]
[SourceQuality "1"]
[WhiteTeam "Paris NAO"]
[BlackTeam "Gonfreville"]
[WhiteTeamCountry "FRA"]
[BlackTeamCountry "FRA"]

1. e4 e5 2. Nf3 Nf6 3. Nxe5 d6 4. Nf3 Nxe4 5. d4 d5 6. Bd3 Nc6 7. O-O Be7 8. c4
Nb4 9. Be2 O-O 10. Nc3 Bf5 11. a3 Nxc3 12. bxc3 Nc6 13. cxd5 Qxd5 14. Re1 Bf6
15. Bf4 Rac8 16. Nd2 Qd8 $5 $146 (16... Qd7 17. Nb3 Rce8 (17... Rcd8 18. Nc5
Qc8 19. Bf3 b6 20. Ne4 Bxe4 21. Bxe4 Ne7 22. Qf3 c6 23. h4 $36 {1-0 Stellwagen,
D-Koneru,H/Wijk aan Zee 2003/CBM 93_01 (53)}) 18. Nc5 Qc8 19. Qa4 a5 20. Bf3
Rxe1+ 21. Rxe1 Nd8 22. Ne4 Bxe4 23. Rxe4 b6 24. Qc4 Ne6 25. Bg4 Qb7 26. Bf3 b5
27. Qe2 Nxf4 28. Rxf4 $11 {1/2-1/2 Shirov,A-Kramnik,V/Monte Carlo 1999/CBM 69
ext (32)}) (16... Nxd4 17. cxd4 Qxd4 18. Be3 Qxa1 19. Qxa1 Bxa1 20. Rxa1 b6 21.
Kf1 Rfd8 22. Rc1 Bd3 $11 {1/2-1/2 Panarin,M-Afonin,A/Rybinsk 2001/EXT 2002 (30)
}) (16... Na5 17. Bf3 Qd7 18. Ne4 Be7 19. Ng3 Bg6 20. Bg4 f5 21. Bf3 Bd6 22.
Be5 Kh8 (22... Rfe8 23. Bxb7 Nxb7 24. Qb3+ Qf7 25. Qxb7 $16 {1-0 Konguvel,
P-Suvrajit,S/Calcutta 2002/CBM 88 (48)}) 23. h4 Bf7 24. h5 Kg8 25. Qc2 Bc4 26.
Rab1 b6 27. Qc1 Rce8 28. Qf4 Bxe5 29. Rxe5 Rxe5 30. dxe5 Be6 31. h6 $36 {
1-0 Kasparov,G-Dao Thien Hai/Batumi 2001/CBM 86 (45)}) (16... Rfe8 17. Bf3
Rxe1+ 18. Qxe1 Qd7 19. Ne4 Be7 20. Qd1 Bd6 $1 21. Bxd6 cxd6 22. Ng3 Ne7 $1 23.
Nxf5 Nxf5 $132 {1/2-1/2 Short,N-Karpov,A/Prague 2002/CBM 89/[Huzman] (45)}) 17.
Nb3 $6 {This move is quite typical for the variation in question. Yet,Black
manages to make White's idea look dubious by carefully restricting the N's
freedom of movement.} (17. Qa4 $5 a6 (17... Bd7 18. Ne4 $16) (17... Ne7 18. Bf3
Nd5 19. Be5 $36) 18. Nb3 Ne7 $5 19. Nc5 $140 b6 20. Nxa6 Nd5 21. Bd2 c5 $44)
17... Ne7 $1 18. Bf3 b6 {[%csl Rb3]} 19. Bg3 Qd7 $11 20. Qe2 Rfe8 21. Qa6 c6
22. h3 Bg5 {[%cal Yg5c1]} (22... Nd5 23. c4 Nc3 $13) 23. Re5 (23. Re5 Bf6 24.
Ree1 $11) 1/2-1/2

[Event "CUB-ch"]
[Site "Las Tunas"]
[Date "2001.04.07"]
[Round "7"]
[White "Herrera, Irisberto"]
[Black "Perez Garcia, Rodney Oscar"]
[Result "1-0"]
[WhiteElo "2432"]
[BlackElo "2471"]
[Annotator "Huzman,A"]
[PlyCount "81"]
[EventDate "2001.04.01"]
[EventType "tourn"]
[EventRounds "16"]
[EventCountry "CUB"]
[EventCategory "9"]
[SourceTitle "CBM 083"]
[Source "ChessBase"]
[SourceDate "2001.07.05"]
[SourceVersion "1"]
[SourceVersionDate "2001.07.05"]
[SourceQuality "1"]

1. e4 e5 2. Nf3 Nf6 3. Nxe5 d6 4. Nf3 Nxe4 5. d4 d5 6. Bd3 Be7 7. O-O Bf5 8.
Re1 Nc6 9. c4 Nb4 10. Bf1 O-O 11. a3 Nc6 12. cxd5 Qxd5 13. Nc3 Nxc3 14. bxc3
Bf6 15. Bf4 Qd7 16. Ra2 (16. Bg5 Bxg5 17. Nxg5 Rae8 18. Qb3 Na5 19. Qb4 b6 20.
Nf3 f6 {Glek,I-Antonov,V/USSR 1984/Inf 38 (20)}) (16. Bb5 a6 17. Ne5 Bxe5 18.
Bxc6 Qxc6 19. Rxe5 Qd7 20. Qf3 f6 21. Re3 {1/2-1/2 Wedberg,T-Van der Sterren,P/
Copenhagen 1984/EXT 2000 (21)}) 16... Rae8 17. Rae2 Rxe2 18. Qxe2 Be6 (18...
Na5 19. Ne5 Qa4 20. g4 (20. Qb2 c5 21. Bb5 Qb3 22. Qxb3 Nxb3 23. d5 Rd8 24. d6
Be6 25. Rd1 a6 26. Be2 Na5 27. Bf3 Bxe5 28. Bxe5 Rd7 29. Bf4 f6 30. Be3 c4 31.
Bb6 $16 {1-0 Ernst,T-Lev,R/London 1987/TD (39)}) 20... Be6 21. g5 Bxe5 22. Qxe5
c6 23. Qc7 b6 24. Rxe6 fxe6 25. Be5 Rf7 26. Qc8+ Rf8 27. Qxe6+ Rf7 28. Bd6 {
1-0 Korneev,O-Perez,R/Albacete-A 2000/Ajelibre (28)}) 19. Ng5 (19. Bg5 $5 Bd8
20. Bxd8 Qxd8 (20... Rxd8 21. Ng5 Bf5 22. d5 Nb8 23. Qe7 $36) (20... Nxd8 $14)
21. Qb5 Bd5 $11) 19... Bxg5 20. Bxg5 h6 21. Bc1 a6 (21... Na5 22. Qf3 b6 23.
Qg3 $36) 22. Qf3 b5 23. Qg3 $36 Ne7 24. Bd3 (24. Bxh6 $4 Nf5 $19) 24... Ng6 $4
{[%mdl 8192]} (24... Kh8 25. Qe5 (25. Bf4 Bf5 $11) 25... Kg8 26. a4 c6 (26...
bxa4 27. Ba3) 27. Ba3 $36) 25. Bxg6 (25. Bxh6 Bf5 26. Bxf5 Qxf5 27. Bd2 c5 $16)
25... fxg6 26. Bxh6 $1 $16 {+-} Bf5 (26... Qf7 27. Bf4 c6 28. Be5 $16) 27. Bf4
Re8 28. Be5 $1 Qe7 29. Ra1 c5 30. h3 {[%cal Ge5d6]} Qe6 31. Qf3 Re7 32. Re1 c4
(32... cxd4 33. cxd4 Rd7 34. Rc1 $16) 33. d5 $18 Qd7 34. d6 Re8 35. Qd5+ Kh7
36. Re3 Be6 37. Qd4 Kg8 38. Kh2 Rf8 39. Bg3 Re8 40. Bh4 Bf7 41. Be7 1-0

[Event "Corus"]
[Site "Wijk aan Zee"]
[Date "2005.01.30"]
[Round "13"]
[White "Svidler, Peter"]
[Black "Topalov, Veselin"]
[Result "1/2-1/2"]
[WhiteElo "2735"]
[BlackElo "2757"]
[Annotator "Huzman,A"]
[PlyCount "47"]
[EventDate "2005.01.15"]
[EventType "tourn"]
[EventRounds "13"]
[EventCountry "NED"]
[EventCategory "19"]
[SourceTitle "CBM 105"]
[Source "ChessBase"]
[SourceDate "2005.04.11"]
[SourceVersion "1"]
[SourceVersionDate "2005.04.11"]
[SourceQuality "1"]

1. e4 e5 2. Nf3 Nf6 3. Nxe5 d6 4. Nf3 Nxe4 5. d4 d5 6. Bd3 Nc6 7. O-O Be7 8. c4
Nb4 9. Be2 O-O 10. Nc3 Bf5 11. a3 Nxc3 12. bxc3 Nc6 13. Re1 Re8 14. Bf4 dxc4
15. Bxc4 Bd6 16. Rxe8+ Qxe8 17. Qd2 $146 Qd7 18. Bxd6 cxd6 19. Re1 (19. Nh4 Na5
20. Nxf5 Nxc4 21. Qg5 f6 22. Qg4 Kh8 23. Re1 g6 $11) 19... Re8 $11 20. Rxe8+
Qxe8 21. Qf4 Qd7 22. Nh4 Bc2 23. Qd2 Bf5 24. Qf4 (24. Qe2 Bg4 25. f3 Bh5 26. g4
Bg6 27. f4 Bb1 $11) 1/2-1/2